Crónica de la codificación española. 5, codificación penal.
Đã lưu trong:
| Tác giả chính: | |
|---|---|
| Định dạng: | Sách |
| Được phát hành: |
Madrid, España:
Ministerio de Justicia, Comisión General de Codificaciones, Centro de Publicaciones,
1970.
|
| Những chủ đề: | |
| Các nhãn: |
Thêm thẻ
Không có thẻ, Là người đầu tiên thẻ bản ghi này!
|
MARC
| LEADER | 00000nam a22000007a 4500 | ||
|---|---|---|---|
| 003 | CL-VaPUC | ||
| 005 | 20220822114655.0 | ||
| 008 | 220720t1970 ||||| |||| 00| 0 eng d | ||
| 999 | |c 437308 |d 437306 | ||
| 024 | |a 051-86-028-8 | ||
| 040 | |c Pontificia Universidad Católica de Valparaíso | ||
| 082 | 7 | |a 345.46 LAS 1970 |2 22 | |
| 100 | 1 | |a Lasso Gaite, Juan Francisco |e autor |9 873429 | |
| 245 | |a Crónica de la codificación española. |b 5, codificación penal. | ||
| 260 | |a Madrid, España: |b Ministerio de Justicia, Comisión General de Codificaciones, Centro de Publicaciones, |c 1970. | ||
| 300 | |a 2 volúmenes. | ||
| 500 | |a v.I-II c.1- Donación Familia Prof. Alejandro Guzmán Brito. | ||
| 583 | |c 20220720 |k Cristina María Rojas Aguilar | ||
| 650 | |a Derecho penal |x Codificación |x Historia |z España |9 873430 | ||
| 942 | |2 ddc |c BK |n 0 | ||
| 952 | |0 0 |1 0 |2 ddc |4 0 |6 345_460000000000000_LAS_1970 |7 0 |8 C_AGB |9 585066 |a BIBDER |b BIBDER |d 2022-07-20 |e Donación |h v.I |i 5653129 |l 1 |o 345.46 LAS 1970 |p 5653129 |r 2024-09-23 |s 2024-09-23 |t 1 |w 2022-07-20 |y BK_US |k AGB | ||
| 952 | |0 0 |1 0 |2 ddc |4 0 |6 345_460000000000000_LAS_1970 |7 0 |8 C_AGB |9 585067 |a BIBDER |b BIBDER |d 2022-07-20 |e Donación |h v.II |i 5653130 |l 1 |o 345.46 LAS 1970 |p 5653130 |r 2024-09-23 |s 2024-09-23 |t 1 |w 2022-07-20 |y BK_US |k AGB | ||